<?xml version="1.0" encoding="UTF-8"?><marc:collection xmlns:marc="http://www.loc.gov/MARC21/slim">
  <marc:record>
    <marc:leader>00000nam  2200000za 4500</marc:leader>
    <marc:controlfield tag="001">9.600642</marc:controlfield>
    <marc:controlfield tag="003">CaOODSP</marc:controlfield>
    <marc:controlfield tag="005">20221107134149</marc:controlfield>
    <marc:controlfield tag="007">cr |||||||||||</marc:controlfield>
    <marc:controlfield tag="008">150406s1996||||onc |||#ob   f000 0 fre d</marc:controlfield>
    <marc:datafield tag="040" ind1=" " ind2=" ">
      <marc:subfield code="a">CaOODSP</marc:subfield>
      <marc:subfield code="b">fre</marc:subfield>
    </marc:datafield>
    <marc:datafield tag="043" ind1=" " ind2=" ">
      <marc:subfield code="a">n-cn---</marc:subfield>
    </marc:datafield>
    <marc:datafield tag="086" ind1="1" ind2=" ">
      <marc:subfield code="a">NH18-1/19-1996F-PDF</marc:subfield>
    </marc:datafield>
    <marc:datafield tag="100" ind1="1" ind2=" ">
      <marc:subfield code="a">Novac, Sylvia, </marc:subfield>
      <marc:subfield code="d">1952-</marc:subfield>
    </marc:datafield>
    <marc:datafield tag="245" ind1="1" ind2="0">
      <marc:subfield code="a">Elles ont besoin de toits </marc:subfield>
      <marc:subfield code="h">[ressource électronique] : </marc:subfield>
      <marc:subfield code="b">analyse documentaire sur les femmes sans-abris / </marc:subfield>
      <marc:subfield code="c">par Sylvia Novac, Joyce Brown, Carmen Bourbonnais. </marc:subfield>
    </marc:datafield>
    <marc:datafield tag="246" ind1="1" ind2="7">
      <marc:subfield code="a">Elles ont besoin de toits : les femmes sans-abri</marc:subfield>
    </marc:datafield>
    <marc:datafield tag="260" ind1=" " ind2=" ">
      <marc:subfield code="a">Ottawa : </marc:subfield>
      <marc:subfield code="b">Société canadienne d'hypothèques et de logement, </marc:subfield>
      <marc:subfield code="c">1996.</marc:subfield>
    </marc:datafield>
    <marc:datafield tag="300" ind1=" " ind2=" ">
      <marc:subfield code="a">xi, 75 p.</marc:subfield>
    </marc:datafield>
    <marc:datafield tag="490" ind1="1" ind2=" ">
      <marc:subfield code="a">Rapport de recherche</marc:subfield>
    </marc:datafield>
    <marc:datafield tag="500" ind1=" " ind2=" ">
      <marc:subfield code="a">« Novembre 1996 ».</marc:subfield>
    </marc:datafield>
    <marc:datafield tag="500" ind1=" " ind2=" ">
      <marc:subfield code="a">Publié aussi en anglais sous le titre : No room of her own : a literature review of women and homelessness.</marc:subfield>
    </marc:datafield>
    <marc:datafield tag="504" ind1=" " ind2=" ">
      <marc:subfield code="a">Comprend des réferences bibliographiques</marc:subfield>
    </marc:datafield>
    <marc:datafield tag="520" ind1="0" ind2=" ">
      <marc:subfield code="a">« Auparavant, on percevait le phénomène des sans-abri comme une expérience et un preoblème unique aux hommes, et la littérature sur le sujet parlait peu de la question des sexes. Toutefois, cette perception est en train de changer à cause du nombre croissant de femmes sans-abri. Le présent rapport s'appuie sur une analyse de la littérature consacrée aux femmes sans-abri, et présente le rôle de la violence envers les femmes, des facteurs de santé et des refuges. Également, vous trouverez un bref survol des rapports d'études régionales sur les femmes sans-abri au Canada et des recommendatins pour les recherches à venir »--Objectif, p. v.</marc:subfield>
    </marc:datafield>
    <marc:datafield tag="530" ind1=" " ind2=" ">
      <marc:subfield code="a">Également publ. en version imprimée.</marc:subfield>
    </marc:datafield>
    <marc:datafield tag="590" ind1=" " ind2=" ">
      <marc:subfield code="a">11-08-Supp</marc:subfield>
      <marc:subfield code="b">2011-06-16</marc:subfield>
    </marc:datafield>
    <marc:datafield tag="700" ind1="1" ind2=" ">
      <marc:subfield code="a">Brown, Joyce.</marc:subfield>
    </marc:datafield>
    <marc:datafield tag="700" ind1="1" ind2=" ">
      <marc:subfield code="a">Bourbonnais, Carmen.</marc:subfield>
    </marc:datafield>
    <marc:datafield tag="710" ind1="2" ind2=" ">
      <marc:subfield code="a">Société canadienne d'hypothèques et de logement.</marc:subfield>
    </marc:datafield>
    <marc:datafield tag="775" ind1="0" ind2="8">
      <marc:subfield code="t">No room of her own  </marc:subfield>
      <marc:subfield code="w">(CaOODSP)9.569548</marc:subfield>
    </marc:datafield>
    <marc:datafield tag="776" ind1="0" ind2="#">
      <marc:subfield code="t">Elles ont besoin de toits : </marc:subfield>
      <marc:subfield code="w">(CaOODSP)9.680174</marc:subfield>
    </marc:datafield>
    <marc:datafield tag="830" ind1="#" ind2="0">
      <marc:subfield code="a">Research report (Société canadienne d'hypothèques et de logement : En ligne)</marc:subfield>
      <marc:subfield code="w">(CaOODSP)9.502470</marc:subfield>
    </marc:datafield>
    <marc:datafield tag="856" ind1="4" ind2="0">
      <marc:subfield code="a">http://publications.gc.ca</marc:subfield>
      <marc:subfield code="q">PDF</marc:subfield>
      <marc:subfield code="s">7.41 Mo</marc:subfield>
      <marc:subfield code="u">https://publications.gc.ca/collections/collection_2011/schl-cmhc/nh18-1/NH18-1-19-1996-fra.pdf</marc:subfield>
    </marc:datafield>
  </marc:record>
</marc:collection>
